Analýza vplyvu geometrie prstov puzdra plávajúceho strmeňa automobilových bŕzd

Gespeichert in:
Bibliographische Detailangaben
1. Verfasser: Koškovská, Jana (Verfasst von)
Weitere Verfasser: Krahulec, Slavomír (Betreuung Doktorarbeit)
Format: Manuskript Buch
Sprache:Slowakisch
Veröffentlicht: 2019
Schlagworte:
Online-Zugang:http://is.stuba.sk/zp/portal_zp.pl?podrobnosti=144800
Tags: Tag hinzufügen
Keine Tags, Fügen Sie das erste Tag hinzu!

MARC

LEADER 00000ntm a22000003a 4500
001 stuzp75435
003 SK-STU
005 20190608213542.4
007 ta
008 150427s2015----xo-----f-mn---000-0-slo-d
040 |a STU  |b slo 
041 0 |a slo 
100 1 |a Koškovská, Jana  |u 020030  |k Z4  |4 aut  |U SjF Strojnícka fakulta  |T SjF Ústav dopravnej techniky a konštruovania  |X 76288  |U J0030  |Y 806  |7 76288 
242 0 1 |a Analysis of the influence of housing finger geometry in floating automotive brakes  |y eng 
245 1 0 |a Analýza vplyvu geometrie prstov puzdra plávajúceho strmeňa automobilových bŕzd 
260 |c 2019 
650 4 |a nerovnomerné opotrebenie platničiek  |2 slo 
650 4 |a brzdový strmeň  |2 slo 
650 4 |a metóda konečných prvkov  |2 slo 
650 4 |a metóda Lumped-Parameter  |2 slo 
650 4 |a analýza  |2 slo 
650 4 |a Matlab  |2 slo 
650 4 |a Catia  |2 slo 
650 4 |a Taper wear of brake pads  |2 eng 
650 4 |a Brake system  |2 eng 
650 4 |a Finite element method  |2 eng 
650 4 |a Lumped-Parameter method  |2 eng 
650 4 |a Analysis  |2 eng 
650 4 |a Matlab  |2 eng 
650 4 |a Catia  |2 eng 
700 1 |a Krahulec, Slavomír  |4 ths  |X 41200  |7 A000041200 
856 4 |u http://is.stuba.sk/zp/portal_zp.pl?podrobnosti=144800 
996 |b 284J045964  |c J* 3074/DDP  |l JJSK  |s A  |a 24  |w stuzp75435_0001